00733nai a2200181Ia 4500003000900000008004100009022002200050022002300072040001600095245005300111260008600164310001400250362002800264521006900292650005100361650004600412856009300458IN-BaIIA211028c9999 xx s 000 0 eng d a0096-2430 (Print) a2379-8661 (Online) cIIA Library 0aIRE Transactions on Electron Devicesh[eJournal] aNew York, USAbThe Institute of Electrical and Electronics Engineers, Inc. (IEEE) aBimonthly a2(1); 1955 - 9(6); 1962 bSubscribed through National Knowledge Resource Consortium (NKRC) a Engineered Materials, Dielectrics and Plasmas aComponents, Circuits, Devices and Systems uhttps://ieeexplore.ieee.org/servlet/opac?punumber=4639142yClick Here to Access eJournal